Statistics for Stalin... or Hitler?

Click here to take the quiz!

General Stats

  • This quiz has been taken 19,319 times
  • The average score is 12 of 15

Answer Stats

QuestionAnswer% Correct
Survived to the age of 70Stalin
97%
Committed suicideHitler
96%
Had a moustacheBoth
95%
Was born in AustriaHitler
95%
Earned money as a painter during his youthHitler
91%
Had a city named after him at one pointStalin
90%
Studied to be a priestStalin
86%
Was born with a different nameStalin
79%
Had childrenStalin
78%
Was a vegetarianHitler
76%
Hosted the Olympic Games during his leadershipHitler
74%
Led a country which invaded Poland in 1939Both
59%
Was a decorated soldier in World War OneHitler
59%
Spent time in prisonBoth
48%
Was featured as Time Magazine's "Man of the Year"Both
33%

Score Distribution

Percentile by Number Answered

Percent of People with Each Score

Your Score History

You have not taken this quiz